000 00315nam a2200109Ia 4500
008 200302s9999 xx 000 0 und d
100 _aHendrik Neubarer & Others
245 _aUrban Design & the 20th Century Architecture
260 _bh. f. ullmann is an imprint of tandem verlag
260 _c2010
300 _a432 P.,
999 _c3015
_d3015